000
00266nam a2200097Ia 4500
008
201217s9999 xx 000 0 und d
100
_a
Ullmann, Julian R.
245
0
_a
Microcomputer technology : An introduction
260
_a
Allahabad
_b
A. H. Wheeler & Co.
942
_c
BK
999
_c
7137
_d
7137